| 000 | 00793nam a2200241 i 4500 | ||
|---|---|---|---|
| 001 | C2-0330678 | ||
| 003 | PPAK | ||
| 005 | 20210426104102.0 | ||
| 008 | 150510s2015 my o|||| ||||| | may d | ||
| 040 |
_aPPAK _beng _cPPAK _erda |
||
| 082 | 0 | 4 |
_a928.9923 _223 |
| 090 | 0 | 0 |
_a928.9923 _bWAD _dKK |
| 100 | 0 |
_aWadiassofi Jaafar, _eauthor |
|
| 245 | 1 | 0 | _aSelamat pulang Allahyarham Abdullah Hussain |
| 264 | 1 |
_aKuala Lumpur : _bDewan Bahasa dan Pustaka , _c2015 |
|
| 300 |
_a1 volume (unpaged) : _bphotograph ; _c30 cm |
||
| 336 |
_2rdacontent _atext |
||
| 337 |
_2rdamedia _aunmediated |
||
| 338 |
_2rdacarrier _avolume |
||
| 500 | _aPetikan artikel dari majalah Dewan Bahasa (Februari 2015) | ||
| 650 | 1 | 0 | _aAbdullah Hussain, Dato', 1920-2014 ; Authors, Malay - Biography. |
| 942 |
_cB _2ddc |
||
| 999 |
_c129492 _d129492 |
||